Performance Assessment of Trombe Wall and South Faȧde as Applications of Building Integrated Photovoltaic Systems / (Record no. 602129)

000 -LEADER
fixed length control field 00534nam a2200157Ia 4500
008 - FIXED-LENGTH DATA ELEMENTS--GENERAL INFORMATION
fixed length control field 230907s9999||||xx |||||||||||||| ||und||
082 ## - DEWEY DECIMAL CLASSIFICATION NUMBER
Classification number 620.3
Author Mark SID
100 ## - MAIN ENTRY--PERSONAL NAME
Personal name Muhammad Siddique (00000327146)
9 (RLIN) 116785
245 #0 - TITLE STATEMENT
Title Performance Assessment of Trombe Wall and South Faȧde as Applications of Building Integrated Photovoltaic Systems /
260 ## - PUBLICATION, DISTRIBUTION, ETC.
Place of publication, distribution, etc. USPCAS-E, NUST,
Name of publisher, distributor, etc. Islamabad :
Date of publication, distribution, etc. 2022
300 ## - PHYSICAL DESCRIPTION
Extent xiii, 62 p.
520 ## - SUMMARY, ETC.
Summary, etc. TH-451
650 ## - SUBJECT ADDED ENTRY--TOPICAL TERM
Topical term or geographic name entry element MS-ESE Thesis MS Thesis
700 ## - ADDED ENTRY--PERSONAL NAME
Personal name Dr Nadia Shahzad
9 (RLIN) 117122
942 ## - ADDED ENTRY ELEMENTS (KOHA)
Koha item type Thesis
Source of classification or shelving scheme
Holdings
Withdrawn status Lost status Source of classification or shelving scheme Damaged status Not for loan Permanent Location Current Location Date acquired Full call number Barcode Date last seen Price effective from Koha item type
          US-Pakistan Center for Advanced Studies in Energy (USPCAS-E) US-Pakistan Center for Advanced Studies in Energy (USPCAS-E) 01/26/2023 620.3 SID CAS-ETH0000451 09/12/2023 09/12/2023 Thesis
© 2023 Central Library, National University of Sciences and Technology. All Rights Reserved.